000 00848nas a2200277 4500
001 BR2011006092
003 BR-BrBNA
005 20231205115147.0
007 ta
008 230509b bl.|||p| |||| 00| 00por d
040 _aBR-BrBNA
_bpor
_cBiblioteca Nacional de Agricultura
041 _a(Pt)
072 _aF08; F02
100 1 _aAntônio, I.C.
100 1 _aAraújo, J.A.C. de
245 1 _aPerfil horizontal da temperatura diurna em cultivo de alface, no sistema de hidroponia NFT, em Jaboticabal (SP)
650 _aALFACE
650 _aCULTIVO HIDROPÔNICO
650 _aCALHA
650 _aTEMPERATURA
650 _aSOLUÇÃO NUTRITIVA
650 _aMÉTODO ESTATÍSTICO
773 0 _tCientífica (Brazil)
_xISSN 0100-0039
_gv. 32(1) p. 30-34
_wBR2011006092
909 _a202311
_bLúcia
_c55
_dLúcia Elande
942 _2AGRIS
_n0
_cANA
999 _c212381
_d212381